Socrates to Sartre : (Record no. 110760)
[ view plain ]
| 000 -LEADER | |
|---|---|
| fixed length control field | 00484nam a22001697a 4500 |
| 003 - CONTROL NUMBER IDENTIFIER | |
| control field | BD-ChCU |
| 005 - DATE AND TIME OF LATEST TRANSACTION | |
| control field | 20260106135523.0 |
| 008 - FIXED-LENGTH DATA ELEMENTS--GENERAL INFORMATION | |
| fixed length control field | 260106b bg ||||| |||| 00| 0 ben d |
| 040 ## - CATALOGING SOURCE | |
| Transcribing agency | BD-ChCU |
| 082 ## - DEWEY DECIMAL CLASSIFICATION NUMBER | |
| Classification number | 190 STS |
| 100 ## - MAIN ENTRY--PERSONAL NAME | |
| Personal name | Stumpf , Samuel Enoch |
| 9 (RLIN) | 18719 |
| 245 ## - TITLE STATEMENT | |
| Title | Socrates to Sartre : |
| Remainder of title | a history of Philosophy ./ |
| Statement of responsibility, etc. | Samuel Enoch , Stumpf. |
| 260 ## - PUBLICATION, DISTRIBUTION, ETC. | |
| Place of publication, distribution, etc. | New York : |
| Name of publisher, distributor, etc. | Mcgraw - hill , |
| Date of publication, distribution, etc. | C 1966 |
| 300 ## - PHYSICAL DESCRIPTION | |
| Extent | viii , 510p |
| 650 #0 - SUBJECT ADDED ENTRY--TOPICAL TERM | |
| Topical term or geographic name entry element | Philosophy . |
| 9 (RLIN) | 18720 |
| 942 ## - ADDED ENTRY ELEMENTS (KOHA) | |
| Source of classification or shelving scheme | Dewey Decimal Classification |
| Koha item type | Books |
| Suppress in OPAC | No |
| Withdrawn status | Lost status | Source of classification or shelving scheme | Damaged status | Not for loan | Home library | Current library | Shelving location | Date acquired | Source of acquisition | Total Checkouts | Full call number | Barcode | Date last seen | Copy number | Price effective from | Koha item type |
|---|---|---|---|---|---|---|---|---|---|---|---|---|---|---|---|---|
| Dewey Decimal Classification | Chittagong University Library | Chittagong University Library | Arts and Humanities Reading Room | 01/06/2026 | Purchase | 190 STS | 27032 | 01/06/2026 | C-1 | 01/06/2026 | Books | |||||
| Dewey Decimal Classification | Chittagong University Library | Chittagong University Library | Arts and Humanities Reading Room | 01/06/2026 | Purchase | 190 STS | 27033 | 01/06/2026 | C-2 | 01/06/2026 | Books | |||||
| Dewey Decimal Classification | Chittagong University Library | Chittagong University Library | Arts and Humanities Reading Room | 01/06/2026 | Purchase | 190 STS | 27034 | 01/06/2026 | C-3 | 01/06/2026 | Books | |||||
| Dewey Decimal Classification | Chittagong University Library | Chittagong University Library | Arts and Humanities Reading Room | 01/06/2026 | Purchase | 190 STS | 27035 | 01/06/2026 | C-4 | 01/06/2026 | Books | |||||
| Dewey Decimal Classification | Chittagong University Library | Chittagong University Library | Arts and Humanities Reading Room | 01/06/2026 | Purchase | 190 STS | 27036 | 01/06/2026 | C-5 | 01/06/2026 | Books | |||||
| Dewey Decimal Classification | Chittagong University Library | Philosophy Seminar Library | Arts and Humanities Reading Room | 01/06/2026 | Purchase | 190 STS | 27037 | 01/06/2026 | C-6 | 01/06/2026 | Books |